<?xml version="1.0" encoding="UTF-8"?>
<record
    xmlns:xsi="http://www.w3.org/2001/XMLSchema-instance"
    xsi:schemaLocation="http://www.loc.gov/MARC21/slim http://www.loc.gov/standards/marcxml/schema/MARC21slim.xsd"
    xmlns="http://www.loc.gov/MARC21/slim">

  <leader>01709nam a2200373 i 4500</leader>
  <controlfield tag="005">20220317001658.0</controlfield>
  <controlfield tag="007">ta</controlfield>
  <controlfield tag="008">210811s2004    ck ao  er           spa d             spa</controlfield>
  <datafield tag="020" ind1=" " ind2=" ">
    <subfield code="a">9589608671 </subfield>
    <subfield code="q">(obra completa)</subfield>
  </datafield>
  <datafield tag="020" ind1=" " ind2=" ">
    <subfield code="a">9588203147 </subfield>
    <subfield code="q">(Manual)</subfield>
  </datafield>
  <datafield tag="040" ind1=" " ind2=" ">
    <subfield code="a">CO-BoRNBP</subfield>
    <subfield code="b">spa</subfield>
    <subfield code="c">CO-BoRNBP</subfield>
    <subfield code="e">rda</subfield>
  </datafield>
  <datafield tag="041" ind1="0" ind2=" ">
    <subfield code="a">spa</subfield>
  </datafield>
  <datafield tag="082" ind1="0" ind2="4">
    <subfield code="a">636.5</subfield>
    <subfield code="b">M15</subfield>
    <subfield code="2">22</subfield>
  </datafield>
  <datafield tag="245" ind1="0" ind2="0">
    <subfield code="a">Manual de explotaci&#xF3;n en aves de corral</subfield>
    <subfield code="c">colaboradores Juan Carlos Roldan  G ... [y otros cuatro] ; fotograf&#xED;a Jaime Ram&#xED;rez</subfield>
  </datafield>
  <datafield tag="264" ind1=" " ind2="1">
    <subfield code="a">Bogot&#xE1;</subfield>
    <subfield code="b">Grupo Latino Editores </subfield>
    <subfield code="c">2004</subfield>
  </datafield>
  <datafield tag="300" ind1=" " ind2=" ">
    <subfield code="a">191 p&#xE1;ginas</subfield>
    <subfield code="b">ilustraciones y fotograf&#xED;as a color</subfield>
    <subfield code="c">26 cm</subfield>
  </datafield>
  <datafield tag="336" ind1=" " ind2=" ">
    <subfield code="a">texto</subfield>
    <subfield code="b">txt</subfield>
    <subfield code="2">rdacontent</subfield>
  </datafield>
  <datafield tag="337" ind1=" " ind2=" ">
    <subfield code="a">sin mediaci&#xF3;n</subfield>
    <subfield code="b">n</subfield>
    <subfield code="2">rdamedia</subfield>
  </datafield>
  <datafield tag="338" ind1=" " ind2=" ">
    <subfield code="a">volumen</subfield>
    <subfield code="b">nc</subfield>
    <subfield code="2">rdacarrier</subfield>
  </datafield>
  <datafield tag="490" ind1="0" ind2=" ">
    <subfield code="a">Volvamos al campo</subfield>
  </datafield>
  <datafield tag="504" ind1=" " ind2=" ">
    <subfield code="a">Bibliograf&#xED;a: p&#xE1;ginas 183-191</subfield>
  </datafield>
  <datafield tag="505" ind1=" " ind2=" ">
    <subfield code="a">Alojamiento y dep&#xF3;sitos -- Las aves -- Alimentaci&#xF3;n -- Aspectos econ&#xF3;micos -- Enfermedades de las aves -- Ingredientes y formulaci&#xF3;n de dietas -- Alimentaci&#xF3;n para pollas de postura --Alimentaci&#xF3;n para ponedoras -- Alimentaci&#xF3;n para pollos de engorde</subfield>
  </datafield>
  <datafield tag="650" ind1="1" ind2="7">
    <subfield code="a">Animales dom&#xE9;sticos </subfield>
    <subfield code="x">Reproducci&#xF3;n </subfield>
    <subfield code="v">Manuales</subfield>
    <subfield code="2">LEMB</subfield>
  </datafield>
  <datafield tag="650" ind1="1" ind2="7">
    <subfield code="a">Avicultura</subfield>
    <subfield code="x">Reproducci&#xF3;n </subfield>
    <subfield code="v">Manuales</subfield>
    <subfield code="2">LEMB</subfield>
  </datafield>
  <datafield tag="650" ind1="1" ind2="7">
    <subfield code="a">Avicultura</subfield>
    <subfield code="x">Enfermedades</subfield>
    <subfield code="v">Manuales</subfield>
    <subfield code="2">LEMB </subfield>
  </datafield>
  <datafield tag="650" ind1="1" ind2="7">
    <subfield code="a">Nutrici&#xF3;n animal</subfield>
    <subfield code="v">Manuales</subfield>
    <subfield code="2">LEMB</subfield>
  </datafield>
  <datafield tag="650" ind1="1" ind2="7">
    <subfield code="a">Aves de corral</subfield>
    <subfield code="2">LEMB</subfield>
  </datafield>
  <datafield tag="700" ind1="1" ind2=" ">
    <subfield code="a">Roldan G., Juan Carlos</subfield>
    <subfield code="e">colaborador</subfield>
    <subfield code="9">180093</subfield>
  </datafield>
  <datafield tag="700" ind1="1" ind2=" ">
    <subfield code="a">Pardo Rinc&#xF3;n, Nelson Afonso</subfield>
    <subfield code="e">colaborador</subfield>
    <subfield code="9">180094</subfield>
  </datafield>
  <datafield tag="700" ind1="1" ind2=" ">
    <subfield code="a">Dur&#xE1;n Naranjo, Luis Felipe </subfield>
    <subfield code="e">colaborador</subfield>
    <subfield code="9">180095</subfield>
  </datafield>
  <datafield tag="700" ind1="1" ind2=" ">
    <subfield code="a">Mart&#xED;nez Diaz, H&#xE9;ctor adrian</subfield>
    <subfield code="e">colaborador</subfield>
    <subfield code="9">180096</subfield>
  </datafield>
  <datafield tag="700" ind1="1" ind2=" ">
    <subfield code="a">Ram&#xED;rez, Jaime</subfield>
    <subfield code="e">fot&#xF3;grafo </subfield>
    <subfield code="9">180097</subfield>
  </datafield>
  <datafield tag="942" ind1=" " ind2=" ">
    <subfield code="2">ddc</subfield>
    <subfield code="c">BK</subfield>
  </datafield>
  <datafield tag="999" ind1=" " ind2=" ">
    <subfield code="c">7757</subfield>
    <subfield code="d">7757</subfield>
  </datafield>
  <datafield tag="952" ind1=" " ind2=" ">
    <subfield code="0">0</subfield>
    <subfield code="1">0</subfield>
    <subfield code="2">ddc</subfield>
    <subfield code="4">0</subfield>
    <subfield code="7">0</subfield>
    <subfield code="8">GEN</subfield>
    <subfield code="a">MEMAPJGA</subfield>
    <subfield code="b">MEMAPJGA</subfield>
    <subfield code="c">GEN</subfield>
    <subfield code="d">2025-11-07</subfield>
    <subfield code="l">0</subfield>
    <subfield code="o">636.5 M15</subfield>
    <subfield code="p">MPJG00869</subfield>
    <subfield code="r">2025-11-07 20:02:43</subfield>
    <subfield code="t">Ej.1</subfield>
    <subfield code="w">2025-11-07</subfield>
    <subfield code="y">BK</subfield>
  </datafield>
</record>
